00653 2200217 4500001002100000005001700021008004100038035002400079082001100103090001800114100001900132245010300151250001100254260003100265300003000296500003100326650002100357700002100378850001800399990001800417YOGYA-0209000001242420090227022226.0 ind  0010-020900000012424 a297.66 a297.66bSya S aSYALABI, Ahmad aSejarah dan kebudayaan Islambimperium Turki UtsmanicAhmad Syalabi ; alih bahasa, Aceng Bahauddin aCet. 1 aJakartabKalam Muliac1988 axii, 118 hlmbilusc21 cm aBibliografi : hlm. 117-118 aKebudayaan Islam aBahauddin, Aceng aYOPDYOGbadran a48320-P/94b1